|
|
|
|
| LEADER |
00000cam a22000007a 4500 |
| 001 |
25515 |
| 003 |
CZ-ZlUTB |
| 005 |
20190825234856.0 |
| 008 |
050202s2001 xr |||||r|||||||||||cze|d |
| 020 |
|
|
|a 8023879146
|q (kroužkový blok)
|
| 040 |
|
|
|a ABA001
|b cze
|c ABA001
|d ZLD002
|
| 072 |
|
7 |
|a 34
|x Právo
|2 Konspekt
|9 16
|
| 080 |
|
|
|a (075)
|2 v
|
| 080 |
|
|
|a 34
|2 v
|
| 245 |
0 |
0 |
|a Právo pro každého :
|b učebnice programu "Právo pro každý den - Street Law" /
|c [kolektiv autorů]
|
| 250 |
|
|
|a Vyd. 1.
|
| 260 |
|
|
|a Praha :
|b Partners Czech,
|c 2001
|
| 300 |
|
|
|a 145 s. :
|b il. ;
|c 32 cm
|
| 650 |
0 |
4 |
|a Právo
|
| 655 |
|
7 |
|a učebnice
|7 fd133770
|2 czenas
|
| 910 |
|
|
|a ZLD002
|
| 952 |
|
|
|0 0
|1 0
|4 0
|6 34PRÁVO
|7 0
|8 BOOK
|9 49856
|a UTBZL
|b UTBZL
|c 019
|d 2006-07-29
|l 0
|o 34/PRÁVO
|p 420010090115
|q 2099-12-31
|r 2019-08-25 00:00:00
|v 420.00
|w 2019-08-25
|x N:nákup | 20100531
|y 08
|
| 992 |
|
|
|a BK
|
| 999 |
|
|
|c 25515
|d 25515
|